Reservior situation in kampongthom province, ស្ថានភាពទំនប់អាងទឹក នៅខេត្តកំពង់ធំ (Record no. 3948)

000 -LEADER
fixed length control field 00505nam a22001577a 4500
003 - CONTROL NUMBER IDENTIFIER
control field OSt
005 - DATE AND TIME OF LATEST TRANSACTION
control field 20151203153801.0
008 - FIXED-LENGTH DATA ELEMENTS--GENERAL INFORMATION
fixed length control field 151203b xxu||||| |||| 00| 0 eng d
040 ## - CATALOGING SOURCE
Transcribing agency RUA
082 ## - DEWEY DECIMAL CLASSIFICATION NUMBER
Classification number FIS LY 2010 B183 Or.1
100 ## - MAIN ENTRY--PERSONAL NAME
9 (RLIN) 4232
Personal name LY, KUNTHY.
245 ## - TITLE STATEMENT
Title Reservior situation in kampongthom province, ស្ថានភាពទំនប់អាងទឹក នៅខេត្តកំពង់ធំ
260 ## - PUBLICATION, DISTRIBUTION, ETC. (IMPRINT)
Place of publication, distribution, etc. Phnom Penh
Name of publisher, distributor, etc. RUA
Date of publication, distribution, etc. 2010
300 ## - PHYSICAL DESCRIPTION
Extent x; 59p.
Other physical details ill.
Dimensions 29cm.
942 ## - ADDED ENTRY ELEMENTS (KOHA)
Source of classification or shelving scheme
Koha item type FIS
Holdings
Price effective from Date last seen Permanent Location Not for loan Date acquired Source of classification or shelving scheme Koha item type Lost status Withdrawn status Date last checked out Total Checkouts Shelving location Damaged status Barcode Current Location Full call number
2015-12-032015-12-03Library Block B 2015-12-03 FIS    B183 RUA027208Library Block BFIS LY 2010 B183 Or.1
2015-12-032015-12-03Library Block B 2015-12-03 FIS    B183 RUA027293Library Block BFIS LY 2010 B183 Or.2
2015-12-032015-12-03Library Block B 2015-12-03 FIS    B183 RUA037021Library Block BFIS LY 2010 B183 Or.3
2015-12-032015-12-03Library Block B 2015-12-03 FIS    B183 RUA036810Library Block BFIS LY 2010 B183 Or.4
2015-12-032021-11-22Library Block B 2015-12-03 FIS  2021-11-101B183 RUA037714Library Block BFIS LY 2010 B183 Or.5
2015-12-032015-12-03Library Block B 2015-12-03 FIS    B183 RUA037076Library Block BFIS LY 2010 B183 Or.6
2015-12-032015-12-03Library Block B 2015-12-03 FIS    B183 RUA037007Library Block BFIS LY 2010 B183 Or.7
2015-12-032015-12-03Library Block B 2015-12-03 FIS    B183 RUA037680Library Block BFIS LY 2010 B183 Or.8
មជ្ឈមណ្ឌលឯការនៃសាកលវិទ្យាល័យភូមិន្ទកសិកម្មចំការដូង

Powered by Koha